Countries With At Least Two n's - Statistics

General Stats
  • This quiz has been taken 78 times
  • The average score is 14 of 25
Answer Stats
Country % Correct
United Kingdom
80%
Netherlands
73%
New Zealand
73%
Saint Vincent and the Grenadines
72%
Argentina
68%
Saint Kitts and Nevis
67%
Solomon Islands
67%
Antigua and Barbuda
65%
Papua New Guinea
65%
Indonesia
63%
Afghanistan
60%
Central African Republic
60%
North Macedonia
60%
Dominican Republic
58%
Finland
58%
Benin
53%
Tanzania
53%
Montenegro
52%
San Marino
52%
Liechtenstein
50%
Trinidad and Tobago
50%
Turkmenistan
50%
São Tomé and Príncipe
38%
Bosnia and Herzegovina
33%
Lebanon
23%
No matching quizzes found
Score Distribution
Percent of People with Each Score
Percentile by Number Answered
Your Score History
You have not taken this quiz